Central Library OPAC University of Rajshahi

A complete course in freshman English / (Record no. 62766)

MARC details
000 -LEADER
fixed length control field 00932nam a2200277 a 4500
001 - CONTROL NUMBER
control field 62766
003 - CONTROL NUMBER IDENTIFIER
rucl marc code BD-RjUL
005 - DATE AND TIME OF LATEST TRANSACTION
control field 20211209081124.0
008 - FIXED-LENGTH DATA ELEMENTS--GENERAL INFORMATION
fixed length control field 170125s1945 nyu 001 0 eng u
035 ## - SYSTEM CONTROL NUMBER
System control number (BD-RjUL)62893
040 ## - CATALOGING SOURCE
Transcribing agency SDF
Modifying agency BD-RjUL
Original cataloging agency BD-RjUL
Language of cataloging eng
041 ## - LANGUAGE CODE
Language code of text/sound track or separate title eng
082 ## - DEWEY DECIMAL CLASSIFICATION NUMBER
Classification number 808.042
Edition number 23
Author mark and year SHC 1945
100 1# - MAIN ENTRY--PERSONAL NAME
Personal name Shaw, Harry,
Dates associated with a name 1905-1998
9 (RLIN) 186563
245 12 - TITLE STATEMENT
Title A complete course in freshman English /
Statement of responsibility, etc. Harry Shaw, with the editorial coöperation of Douglas Bement and A. J. Bryan.
260 ## - PUBLICATION, DISTRIBUTION, ETC. (IMPRINT)
Place of publication, distribution, etc. New York :
Name of publisher, distributor, etc. Harper & brothers,
Date of publication, distribution, etc. c1940.
300 ## - PHYSICAL DESCRIPTION
Pagination xi, 843 p. ;
Size 25 cm.
500 ## - GENERAL NOTE
General note Includes index
650 #0 - SUBJECT ADDED ENTRY--TOPICAL TERM
Topical term or geographic name as entry element English language
General subdivision Rhetoric.
9 (RLIN) 178378
Topical term or geographic name as entry element Authorship
Form subdivision Handbooks, manuals, etc.
9 (RLIN) 186023
Topical term or geographic name as entry element American prose literature.
9 (RLIN) 186564
700 1# - ADDED ENTRY--PERSONAL NAME
Personal name Bement, Douglas,
Dates associated with a name 1898-
Personal name Bryan, A. J.
Fuller form of name (Adolphus J.)
942 ## - ADDED ENTRY ELEMENTS (KOHA)
Source of classification or shelving scheme Dewey Decimal Classification
Koha item type Books
Holdings
Lost status Source of classification or shelving scheme Damaged status Not for loan Collection code Permanent Location Current Location Shelving location Date acquired Source of acquisition Total Checkouts Full call number Date last seen Copy number Koha item type
  Dewey Decimal Classification   Not For Loan Non-fiction Central Library, University of Rajshahi Central Library, University of Rajshahi Reading Room 10/10/1959 Asia foundation   808.042 SHC 1945 25/01/2017 C-1 Books